000 00455nam a2200181Ia 4500
001 23317
005 20260414150929.0
008 260414t2018||||xx |||||||||||||| ||spa||
041 _aESP
082 _a629.2
_bP45
100 _aPérez Belló, Miguel Ángel
_eAUT
245 0 _aCircuitos de fluidos :
_bsuspensión y dirección
260 _c2018
300 _a355 páginas :
_c27 cm.
650 _aCNM
654 _aCCN
942 _cLIB
_dJUS
_fJUS
_2ddc
_n
999 _c23317
_d23317